000 01252nam a2200253Ia 4500
999 _c34879
_d34879
001 700
003 GE_BSU
005 20190420191657.0
008 181216s2011||||ge |||||||||||||| ||geo||
040 _cGE_BSU
041 _ageo
080 _a811.353.1+811.353.52.2 ლ-63
245 _aლინგვისტური ქართველოლოგიისა და აფხაზოლოგიის პრობლემები. ტ. 3 /
_cრედ.: თეიმურაზ გვანცელაძე, მერაბ ნაჭყებია.
264 _aთბილისი :
_bუნივერსალი,
_c2011
300 _a353 გვ.
500 _aკრებული ეძღვნება აკად. ქეთევან ლომთათიძის დაბადების 100 წლისთავს
541 _h10 ლ.
653 _aლინგვისტიკა
653 _aქართველოლოგია
653 _aაფხაზოლოგია
700 _aგვანცელაძე, თეიმურაზ
_eრედაქტორი
_9291
700 _aნაჭყებია, მერაბ
_eრედაქტორი
_9292
942 _cBK
_2udc